[Event "COL Subzt 2.3.4 (Women)"]
[Site "Risarald"]
[Date "2021.11.28"]
[Round "9"]
[White "Ladron De Guevara Mendez, Lorena"]
[Black "Sanchez, Rubiela"]
[Result "1-0"]
[WhiteElo "1284"]
[BlackElo "1606"]
[PlyCount "59"]
[EventDate "2021.11.23"]
[EventType "swiss"]
[EventRounds "9"]
[EventCountry "COL"]
[SourceTitle "CBM 205 Extra"]
[Source "ChessBase"]
[SourceDate "2022.01.31"]
[SourceVersion "1"]
[SourceVersionDate "2022.01.31"]
[SourceQuality "1"]

1. e4 c5 2. Nf3 d6 3. d4 cxd4 4. Nxd4 Nf6 5. Nc3 g6 6. Bd3 Bg7 7. 0-0 0-0 8. h3 Nc6 9. Be3 a6 10. a3 Bd7 11. Qd2 Nxd4 12. Bxd4 Bc6 13. f4 e6 14. f5 exf5 15. exf5 Nh5 16. Bxg7 Kxg7 17. Qf2 Nf6 18. Qd4 g5 19. Be4 d5 20. Bf3 Qd7 21. Ne2 Bb5 22. Ng3 Rfc8 23. Nh5+ Kf8 24. Qxf6 Qc6 25. Qxg5 Qb6+ 26. Kh1 Bxf1 27. Re1 Bxg2+ 28. Bxg2 Qxb2 29. Qh6+ Kg8 30. f6 1-0

[Event "COL Subzt 2.3.4 (Women)"]
[Site "Risarald"]
[Date "2021.11.23"]
[Round "1"]
[White "Pardo Useche, Laura Valentina"]
[Black "Sanchez, Rubiela"]
[Result "1/2-1/2"]
[WhiteElo "1165"]
[BlackElo "1606"]
[PlyCount "92"]
[EventDate "2021.11.23"]
[EventType "swiss"]
[EventRounds "9"]
[EventCountry "COL"]
[SourceTitle "CBM 205 Extra"]
[Source "ChessBase"]
[SourceDate "2022.01.31"]
[SourceVersion "1"]
[SourceVersionDate "2022.01.31"]
[SourceQuality "1"]

1. e4 c5 2. Nf3 d6 3. d4 cxd4 4. Nxd4 Nf6 5. Nc3 Nc6 6. Be3 g6 7. Bc4 Bg7 8. f3 0-0 9. Qd2 Nxd4 10. Bxd4 Qc7 11. Bb3 a6 12. g4 e5 13. Be3 Rd8 14. h4 Be6 15. h5 Bxb3 16. axb3 Rac8 17. Bg5 Qe7 18. Nd5 Qe6 19. hxg6 hxg6 20. Bxf6 Bxf6 21. Qh6 Rxc2 22. Ne3 Qxb3 23. Nxc2 Qxc2 24. Qd2 Qxd2+ 25. Kxd2 d5 26. exd5 Rxd5+ 27. Ke2 Rb5 28. Rab1 Rb3 29. Rhc1 a5 30. Rc5 b5 31. Rc3 Rb4 32. Ra3 a4 33. b3 Be7 34. Rba1 e4 35. Rb1 f5 36. gxf5 gxf5 37. Rb2 Kf7 38. Rd2 Ke6 39. bxa4 Rxa4 40. Rxa4 bxa4 41. fxe4 fxe4 42. Rd4 a3 43. Rxe4+ Kd6 44. Ra4 Kd5 45. Kd3 Bc5 46. Ra5 Kc6 1/2-1/2

[Event "Sopo Region-ch (Women)"]
[Site "Sopo"]
[Date "2021.07.24"]
[Round "1"]
[White "Pinilla Rozo, Maria Alejandra"]
[Black "Sanchez, Rubiela"]
[Result "1/2-1/2"]
[WhiteElo "1300"]
[BlackElo "1593"]
[PlyCount "78"]
[EventDate "2021.07.24"]
[EventType "swiss"]
[EventRounds "5"]
[EventCountry "COL"]
[SourceTitle "EXT 2022"]
[Source "ChessBase"]
[SourceDate "2021.10.06"]
[SourceVersion "1"]
[SourceVersionDate "2021.10.06"]
[SourceQuality "1"]

1. e4 c5 2. Nc3 Nc6 3. g3 g6 4. Bg2 Bg7 5. d3 d6 6. f4 Rb8 7. a4 a6 8. h3 e5 9. Nf3 b5 10. axb5 axb5 11. 0-0 Nge7 12. Qe1 0-0 13. g4 Nd4 14. Nxd4 exd4 15. Ne2 f5 16. gxf5 gxf5 17. Ng3 Qc7 18. Nh5 Bh8 19. Qg3+ Ng6 20. e5 Be6 21. exd6 Qxd6 22. Re1 Rfe8 23. Bd2 Bd5 24. Bxd5+ Qxd5 25. Qg5 Qf7 26. Ra6 Rxe1+ 27. Bxe1 Re8 28. Bf2 Bg7 29. Nxg7 Qxg7 30. Kf1 Qb7 31. Rxg6+ hxg6 32. Qxg6+ Kf8 33. Qxf5+ Kg8 34. Qg6+ Kf8 35. Qf5+ Kg7 36. Qg5+ Kf8 37. Qxc5+ Re7 38. Qf5+ Rf7 39. Qc5+ Re7 1/2-1/2

[Event "Sopo Region-ch (Women)"]
[Site "Sopo"]
[Date "2021.07.24"]
[Round "2"]
[White "Sanchez, Rubiela"]
[Black "Morales, Laura Catalina"]
[Result "0-1"]
[WhiteElo "1593"]
[BlackElo "1549"]
[PlyCount "34"]
[EventDate "2021.07.24"]
[EventType "swiss"]
[EventRounds "5"]
[EventCountry "COL"]
[SourceTitle "EXT 2022"]
[Source "ChessBase"]
[SourceDate "2021.10.06"]
[SourceVersion "1"]
[SourceVersionDate "2021.10.06"]
[SourceQuality "1"]

1. e4 e5 2. Nf3 Nc6 3. d4 exd4 4. Nxd4 Bc5 5. Be3 Nxd4 6. Bxd4 Bxd4 7. Qxd4 Nf6 8. e5 Qe7 9. Be2 c5 10. exf6 Qxe2+ 11. Kxe2 cxd4 12. fxg7 Rg8 13. Re1 Rxg7 14. Kf1+ Kd8 15. Nd2 b6 16. Nc4 Ba6 17. b3 d5 0-1

[Event "COL-ch Amateurs U2300"]
[Site "Bogota"]
[Date "2021.06.27"]
[Round "7"]
[White "Sanchez, Rubiela"]
[Black "Lopez Idarraga, Daniel Eduardo"]
[Result "0-1"]
[WhiteElo "1596"]
[BlackElo "2048"]
[PlyCount "80"]
[EventDate "2021.06.23"]
[EventType "swiss"]
[EventRounds "7"]
[EventCountry "COL"]
[SourceTitle "CBM 203 Extra"]
[Source "ChessBase"]
[SourceDate "2021.09.30"]
[SourceVersion "1"]
[SourceVersionDate "2021.09.30"]
[SourceQuality "1"]

1. d4 d5 2. Nf3 Nf6 3. e3 Bf5 4. Bd3 e6 5. 0-0 Bd6 6. b3 0-0 7. Bb2 Nbd7 8. c4 Bxd3 9. Qxd3 c6 10. Nbd2 Qe7 11. e4 dxe4 12. Nxe4 Nxe4 13. Qxe4 Ba3 14. Bxa3 Qxa3 15. Qe2 Rfd8 16. Rfd1 Nf6 17. Ne5 a5 18. Rab1 Rd6 19. Rd3 Qb4 20. Qb2 c5 21. h3 Rad8 22. a3 Qb6 23. dxc5 Qxc5 24. Rbd1 h6 25. Rxd6 Rxd6 26. Rxd6 Qxd6 27. b4 axb4 28. axb4 Qd1+ 29. Kh2 Ne4 30. Ng4 Nd2 31. Ne3 Qe2 32. Qd4 Qxf2 33. Qd8+ Kh7 34. Qd3+ f5 35. Kh1 Qe1+ 36. Kh2 Qxe3 37. Qxe3 Nf1+ 38. Kg1 Nxe3 39. c5 Nc2 40. b5 Nd4 0-1

[Event "COL-ch Cat D U1800"]
[Site "Medellin"]
[Date "2021.06.13"]
[Round "6"]
[White "Padilla Ordonez, Daniel Eduardo"]
[Black "Sanchez, Rubiela"]
[Result "1-0"]
[WhiteElo "1708"]
[BlackElo "1596"]
[PlyCount "87"]
[EventDate "2021.06.10"]
[EventType "swiss"]
[EventRounds "7"]
[EventCountry "COL"]
[SourceTitle "EXT 2022"]
[Source "ChessBase"]
[SourceDate "2021.10.06"]
[SourceVersion "1"]
[SourceVersionDate "2021.10.06"]
[SourceQuality "1"]

1. d4 Nf6 2. c4 g6 3. Nc3 Bg7 4. e4 d6 5. f3 0-0 6. Be3 Na6 7. a3 c5 8. d5 b6 9. Bd3 Nd7 10. Qd2 Ne5 11. Nge2 Nc7 12. b4 f5 13. 0-0 Ne8 14. Rab1 Rf7 15. exf5 gxf5 16. Bf4 Ng6 17. Bg5 Nf6 18. Ng3 Ne8 19. Rbe1 Ne5 20. Nh5 Nxd3 21. Qxd3 Bd4+ 22. Be3 Bh8 23. Ne2 Be5 24. Bf4 Bxf4 25. Nexf4 Nf6 26. Ng3 cxb4 27. axb4 a5 28. bxa5 bxa5 29. Ne6 Qb6+ 30. Kh1 f4 31. Nf5 Bxe6 32. Rxe6 Kf8 33. Nh6 Rg7 34. Rb1 Qf2 35. Re2 Qa7 36. Nf5 Rf7 37. Nd4 a4 38. Reb2 Nd7 39. Rb7 Qxb7 40. Rxb7 Nc5 41. Ne6+ Nxe6 42. dxe6 a3 43. Qb1 a2 44. Rb8+ 1-0

[Event "COL-ch Cat D U1800"]
[Site "Medellin"]
[Date "2021.06.12"]
[Round "4"]
[White "Sanchez, Rubiela"]
[Black "Leal, Dayana Vanessa"]
[Result "0-1"]
[WhiteElo "1596"]
[BlackElo "1448"]
[PlyCount "36"]
[EventDate "2021.06.10"]
[EventType "swiss"]
[EventRounds "7"]
[EventCountry "COL"]
[SourceTitle "EXT 2022"]
[Source "ChessBase"]
[SourceDate "2021.10.06"]
[SourceVersion "1"]
[SourceVersionDate "2021.10.06"]
[SourceQuality "1"]

1. e4 e5 2. Bc4 Bc5 3. Nc3 Nf6 4. d3 Nc6 5. f4 d6 6. Nf3 a6 7. Ng5 0-0 8. Nd5 h6 9. Nxf6+ Qxf6 10. Qh5 hxg5 11. fxg5 Qf2+ 12. Kd1 Qxg2 13. h3 Qxh1+ 14. Kd2 Qg2+ 15. Ke1 Bxh3 16. g6 Qg1+ 17. Kd2 Be3+ 18. Kc3 Qe1+ 0-1

[Event "COL-ch U1700"]
[Site "Pereira"]
[Date "2019.03.24"]
[Round "7"]
[White "Dabraccio, Guillermo"]
[Black "Sanchez, Rubiela"]
[Result "0-1"]
[WhiteElo "1615"]
[BlackElo "1577"]
[PlyCount "86"]
[EventDate "2019.03.21"]
[EventType "swiss"]
[EventRounds "9"]
[EventCountry "COL"]
[SourceTitle "CBM 189 Extra"]
[Source "ChessBase"]
[SourceDate "2019.06.03"]
[SourceVersion "1"]
[SourceVersionDate "2019.06.03"]
[SourceQuality "1"]

1. d4 Nf6 2. Nf3 g6 3. Bf4 Bg7 4. h3 d6 5. e3 0-0 6. Be2 c5 7. dxc5 Qa5+ 8. c3 Qxc5 9. 0-0 Nc6 10. Nbd2 Qb6 11. Nc4 Qd8 12. Nd4 a6 13. Bf3 d5 14. Nxc6 bxc6 15. Ne5 Qb6 16. Qb3 Qc5 17. Nd3 Qa7 18. Nb4 Bd7 19. Nd3 Rfc8 20. a4 a5 21. Rfd1 Bf5 22. c4 Bxd3 23. Rxd3 e6 24. Rad1 Nd7 25. Bd6 Nb6 26. cxd5 cxd5 27. e4 Nc4 28. exd5 Nxd6 29. dxe6 Rab8 30. exf7+ Nxf7 31. Qe6 Qb6 32. Rd6 Qb4 33. Rd7 Qf4 34. Bd5 Rf8 35. b3 Be5 36. g3 Qf6 37. Qg4 Kh8 38. Qc4 Nd6 39. Qc7 Qxf2+ 40. Kh1 Nf7 41. Rxf7 Bxc7 42. Rxf2 Rxf2 43. Rg1 Rd8 0-1

[Event "COL-ch U1700"]
[Site "Pereira"]
[Date "2019.03.23"]
[Round "4"]
[White "Vanegas, Carlos Arturo"]
[Black "Sanchez, Rubiela"]
[Result "1-0"]
[WhiteElo "1692"]
[BlackElo "1577"]
[PlyCount "101"]
[EventDate "2019.03.21"]
[EventType "swiss"]
[EventRounds "9"]
[EventCountry "COL"]
[SourceTitle "CBM 189 Extra"]
[Source "ChessBase"]
[SourceDate "2019.06.03"]
[SourceVersion "1"]
[SourceVersionDate "2019.06.03"]
[SourceQuality "1"]

1. e4 g6 2. f4 Bg7 3. c3 c5 4. Nf3 Nc6 5. Bd3 d6 6. Bc2 Nf6 7. d3 b5 8. 0-0 0-0 9. b3 Qb6 10. Bb2 Ng4 11. Qe2 b4 12. Kh1 bxc3 13. Nxc3 Nd4 14. Nxd4 cxd4 15. Nd1 Bd7 16. h3 Nf6 17. g4 Rac8 18. Rc1 Rc7 19. Nf2 Rfc8 20. Bb1 Bc6 21. Kg1 Nd7 22. Nh1 a5 23. Qf2 a4 24. bxa4 Bxa4 25. Rxc7 Rxc7 26. Qd2 Nc5 27. Rc1 Nxe4 28. dxe4 Rxc1+ 29. Qxc1 d3+ 30. Kg2 Qxb2+ 31. Qxb2 Bxb2 32. Bxd3 Bc1 33. Kg3 Kf8 34. Nf2 Ke8 35. Bc4 f6 36. Nd3 Ba3 37. g5 Bc6 38. Nf2 fxg5 39. fxg5 Kf8 40. Bd5 Bd7 41. Nd3 Bb5 42. Nf2 Bc1 43. h4 Bd7 44. Ng4 e6 45. Bc4 Ke7 46. Bd3 Kf7 47. Bc2 d5 48. exd5 exd5 49. a4 d4 50. Ne5+ Kg7 51. Nxd7 1-0

[Event "Cundinamarca-ch sf"]
[Site "Cundinamarca"]
[Date "2016.06.06"]
[Round "4"]
[White "Sanchez, Rubiela"]
[Black "Lancheros Lancheros, William"]
[Result "0-1"]
[WhiteElo "1625"]
[BlackElo "1616"]
[PlyCount "62"]
[EventDate "2016.06.04"]
[EventType "swiss"]
[EventRounds "5"]
[EventCountry "COL"]
[SourceTitle "CBM 172 Extra"]
[Source "ChessBase"]
[SourceDate "2016.06.21"]
[SourceVersion "1"]
[SourceVersionDate "2016.06.21"]
[SourceQuality "1"]

1. d4 Nf6 2. c4 g6 3. Nc3 d5 4. e3 Bg7 5. Nf3 0-0 6. Qc2 c6 7. Bd3 Nbd7 8. h3 Re8 9. Ne5 dxc4 10. Bxc4 e6 11. a3 Nb6 12. Ba2 Nfd5 13. Bd2 f6 14. Nf3 Kh8 15. 0-0-0 Bd7 16. e4 Nxc3 17. Bxc3 Rc8 18. e5 f5 19. g4 c5 20. d5 exd5 21. Bxd5 Qe7 22. gxf5 Bxf5 23. Be4 Bd7 24. h4 c4 25. Rd6 Bh6+ 26. Kb1 Ba4 27. Qe2 Bc6 28. h5 Bxe4+ 29. Qxe4 Bg7 30. hxg6 h6 31. Nh4 Qxd6 0-1

[Event "COL pre olympic sf (Women)"]
[Site "Bogota"]
[Date "2016.05.27"]
[Round "5"]
[White "Perez Valcarcel, Maria Jose"]
[Black "Sanchez, Rubiela"]
[Result "0-1"]
[WhiteElo "1453"]
[BlackElo "1625"]
[PlyCount "68"]
[EventDate "2016.05.25"]
[EventType "swiss"]
[EventRounds "9"]
[EventCountry "COL"]
[SourceTitle "CBM 172 Extra"]
[Source "ChessBase"]
[SourceDate "2016.06.21"]
[SourceVersion "1"]
[SourceVersionDate "2016.06.21"]
[SourceQuality "1"]

1. e4 e5 2. Nf3 Nc6 3. d4 exd4 4. Nxd4 Bc5 5. Be3 Qf6 6. c3 Nge7 7. Bc4 Qg6 8. 0-0 Qxe4 9. Nd2 Qg6 10. f4 d5 11. Be2 Bh3 12. Bf3 0-0-0 13. f5 Qf6 14. N2b3 Bxd4 15. Bxd4 Qg5 16. Kh1 Bxf5 17. Bc5 Be4 18. Bxe4 dxe4 19. Qe2 f5 20. Bxe7 Nxe7 21. Nc5 Rd2 22. Ne6 Rxe2 23. Nxg5 Rxb2 24. Ne6 g6 25. c4 Kd7 26. Nd4 c5 27. Nb5 a6 28. Rfd1+ Ke6 29. Nc7+ Kf6 30. Rdb1 Rxb1+ 31. Rxb1 Rd8 32. Rb6+ Kf7 33. h3 e3 34. Rb3 e2 0-1

[Event "COL pre olympic sf (Women)"]
[Site "Bogota"]
[Date "2016.05.27"]
[Round "4"]
[White "Sanchez, Rubiela"]
[Black "Ortegon Villacorte, Linda Daniela"]
[Result "0-1"]
[WhiteElo "1625"]
[BlackElo "1825"]
[PlyCount "48"]
[EventDate "2016.05.25"]
[EventType "swiss"]
[EventRounds "9"]
[EventCountry "COL"]
[SourceTitle "CBM 172 Extra"]
[Source "ChessBase"]
[SourceDate "2016.06.21"]
[SourceVersion "1"]
[SourceVersionDate "2016.06.21"]
[SourceQuality "1"]

1. d4 d5 2. c4 Nf6 3. Nf3 e6 4. Bg5 Be7 5. Nc3 0-0 6. Qc2 a6 7. e3 Nbd7 8. Bd3 dxc4 9. Bxc4 b5 10. Bd3 h6 11. Bh4 c5 12. Ne5 Nxe5 13. dxe5 Ng4 14. 0-0-0 Qc7 15. Bxe7 Qxe7 16. Bh7+ Kh8 17. Qe4 Nxf2 18. Qxa8 Bb7 19. Qa7 Kxh7 20. Rhf1 Nxd1 21. Rxd1 Qc7 22. Rd6 Ra8 23. Qb6 Qxb6 24. Rxb6 Bxg2 0-1

[Event "COL pre olympic sf (Women)"]
[Site "Bogota"]
[Date "2016.05.26"]
[Round "3"]
[White "Sarmiento, Carolina"]
[Black "Sanchez, Rubiela"]
[Result "0-1"]
[WhiteElo "1602"]
[BlackElo "1625"]
[PlyCount "72"]
[EventDate "2016.05.25"]
[EventType "swiss"]
[EventRounds "9"]
[EventCountry "COL"]
[SourceTitle "CBM 172 Extra"]
[Source "ChessBase"]
[SourceDate "2016.06.21"]
[SourceVersion "1"]
[SourceVersionDate "2016.06.21"]
[SourceQuality "1"]

1. e4 b6 2. Nf3 Bb7 3. Nc3 e6 4. d3 c5 5. Bf4 Nc6 6. Be2 Be7 7. 0-0 d6 8. d4 cxd4 9. Nxd4 Nxd4 10. Qxd4 e5 11. Qa4+ Kf8 12. Be3 Nf6 13. f3 a6 14. Qb3 b5 15. a4 d5 16. exd5 Bxd5 17. Nxd5 Qxd5 18. axb5 Qxb3 19. cxb3 a5 20. Bb6 Bb4 21. Rfc1 Ke7 22. Rc7+ Nd7 23. Bc4 Rhd8 24. Rd1 Bd6 25. Ra7 Rdc8 26. Bxf7 Rxa7 27. Bxa7 Rc2 28. Bc4 Rxb2 29. Ra1 Bb4 30. Kf1 Nc5 31. b6 Nxb3 32. b7 Nd2+ 33. Kg1 Bc3 34. Ba6 Rxb7 35. Bc5+ Ke6 36. Bxb7 Bxa1 0-1

[Event "Sopo op"]
[Site "Sopo"]
[Date "2013.04.27"]
[Round "2"]
[White "Mora, Luis Jose"]
[Black "Sanchez, Rubiela"]
[Result "1-0"]
[WhiteElo "1935"]
[BlackElo "1617"]
[PlyCount "61"]
[EventDate "2013.04.26"]
[EventType "swiss"]
[EventRounds "5"]
[EventCountry "COL"]
[SourceTitle "CBM 154 Extra"]
[Source "ChessBase"]
[SourceDate "2013.06.25"]
[SourceVersion "2"]
[SourceVersionDate "2013.06.25"]
[SourceQuality "1"]

1. Nf3 Nf6 2. d4 g6 3. g3 Bg7 4. Bg2 d5 5. 0-0 0-0 6. c4 c6 7. Nc3 Nbd7 8. cxd5 Nxd5 9. e4 Nxc3 10. bxc3 c5 11. Be3 Qa5 12. Qb3 b6 13. e5 c4 14. Qc2 Bb7 15. Rfe1 Bd5 16. Rab1 b5 17. Bg5 Rae8 18. h4 Qb6 19. a4 a6 20. axb5 axb5 21. Nd2 Bxg2 22. Kxg2 Qc6+ 23. Qe4 Qxe4+ 24. Nxe4 h6 25. Bc1 Rb8 26. Ba3 Rfe8 27. Nc5 Nxc5 28. Bxc5 e6 29. Rb4 Rec8 30. Bd6 Rb6 31. Reb1 1-0

[Event "Sopo op"]
[Site "Sopo"]
[Date "2013.04.27"]
[Round "3"]
[White "Sanchez, Rubiela"]
[Black "Sosa Florez, Luis Felipe"]
[Result "1-0"]
[WhiteElo "1617"]
[BlackElo "1741"]
[PlyCount "67"]
[EventDate "2013.04.26"]
[EventType "swiss"]
[EventRounds "5"]
[EventCountry "COL"]
[SourceTitle "CBM 154 Extra"]
[Source "ChessBase"]
[SourceDate "2013.06.25"]
[SourceVersion "2"]
[SourceVersionDate "2013.06.25"]
[SourceQuality "1"]

1. d4 d5 2. c4 c6 3. Nf3 Nf6 4. Nc3 e6 5. Bg5 Nbd7 6. Qc2 Be7 7. e3 0-0 8. 0-0-0 dxc4 9. Bxc4 b5 10. Bd3 Bb7 11. Ne5 h6 12. Bh4 Qc7 13. Nxb5 Qa5 14. Nc3 Nxe5 15. dxe5 Qxe5 16. Bg3 Qa5 17. Kb1 Nd5 18. Nxd5 cxd5 19. Qc7 Qxc7 20. Bxc7 Bd8 21. Bd6 Re8 22. Bb5 Be7 23. Bxe8 Bxd6 24. Ba4 Be5 25. f4 Bf6 26. Rd2 Rb8 27. Rc1 g5 28. g3 Kg7 29. Bc6 Bxc6 30. Rxc6 a5 31. Rdc2 Rb4 32. Kc1 a4 33. a3 Rb3 34. Re2 1-0

[Event "Bogota IRT op 06"]
[Site "Bogota"]
[Date "2012.06.11"]
[Round "6"]
[White "Sanchez, Rubiela"]
[Black "Duarte Ariza, Andres Javier"]
[Result "0-1"]
[WhiteElo "1555"]
[BlackElo "1781"]
[PlyCount "84"]
[EventDate "2012.06.08"]
[EventType "swiss"]
[EventRounds "7"]
[EventCountry "COL"]
[SourceTitle "CBM 148 Extra"]
[Source "ChessBase"]
[SourceDate "2012.06.22"]
[SourceVersion "1"]
[SourceVersionDate "2012.06.22"]
[SourceQuality "1"]

1. d4 d5 2. c4 e6 3. Nc3 Nf6 4. f3 c6 5. e4 dxe4 6. fxe4 Bb4 7. Qd3 Qa5 8. Bd2 Bxc3 9. Bxc3 Qg5 10. Nf3 Qg6 11. e5 Nfd7 12. Qxg6 hxg6 13. 0-0-0 b6 14. h4 Bb7 15. Ng5 c5 16. d5 exd5 17. cxd5 Na6 18. Ne4 Ke7 19. Nd6 Nb4 20. Bc4 Ba6 21. Bxa6 Nxa6 22. Rhf1 f6 23. e6 Kxd6 24. exd7 Kxd7 25. g3 Rac8 26. a3 Rhe8 27. Bd2 Re4 28. Bf4 Rce8 29. Rf3 Re1 30. Rxe1 Rxe1+ 31. Kd2 Re8 32. Re3 Rxe3 33. Kxe3 Nc7 34. Bxc7 Kxc7 35. Ke4 Kd6 36. g4 b5 37. h5 a6 38. a4 f5+ 39. gxf5 gxh5 40. axb5 axb5 41. Kf4 Kxd5 42. Kg5 Ke5 0-1